Insertions musculaires - Hanche et cuisse - Statistiques

Statistiques générales
  • Ce quiz a été pris 44 fois
  • Le résultat moyen est 8 sur 43
Statistiques - réponses
Muscles Insertions % Correct
Iliaque - distal Petit trochanter
44%
Tenseur du fascia lata - proximal EIAS
41%
Demi-tendineux - distal Patte d'oie
41%
Couturier - distal Patte d'oie
37%
Gracile - distal Patte d'oie
37%
Couturier - proximal EIAS
33%
Psoas - distal Petit trochanter
33%
Quadriceps crural - distal (2) Base rotule, tubérosité tibiale
30%
Gracile - proxial Pubis
30%
Demi-tendineux - proximal Tubérosité ischiatique
30%
Demi-membraneux - proximal Tubérosité ischiatique
30%
Biceps crural - proximal (2) Tubérosité ischiatique, ligne âpre
30%
Grand adducteur - distal (2) Ligne âpre, tubercule troisième adducteur
26%
Jumeau supérieur - proximal Èpine sciatique
22%
Pyramidal du bassin - distal Grand trochanter
22%
Petit fessier - distal Grand trochanter
22%
Obturateur interne - proximal (2) Ischion, membrane obturatrice
22%
Tenseur du fascia lata - distal Tractus ilio-tibial
22%
Carré crural - proximal Tuberosité ischiatique
22%
Grand adducteur - proximal (2) Branche ischio-pubienne, tubérosité ischiatique
19%
Pectiné - proximal (2) Crête pectinéale, éminence ilio-pubienne
19%
Quadriceps crural - proximal (3) EIAI, ligne âpre, face antérieure externe fémur
19%
Petit fessier - proximal (2) Fosse iliaque externe, lèvre supérieure gouttière sus-cotyloidienne
19%
Pectiné - distal Ligne âpre
19%
Petit adducteur - distal Ligne âpre
19%
Pyramidal du bassin - proximal Face antérieure sacrum
15%
Moyen adducteur - distal Ligne âpre
15%
Jumeau inférieur - proximal Tubérosité ischiatique
15%
Psoas - proximal Vertèbres lombaires
15%
Moyen fessier - proximal Fosse iliaque externe
11%
Grand fessier - proximal (3) Fosse iliaque externe, sacrum coccyx
11%
Iliaque - proximal (2) Fosse iliaque interne, lèvre iliaque interne
11%
Petit adducteur - proximal Branche ischio-pubienne
7%
Biceps crural - distal (2) Tête péroné, tubérosité externe tibia
7%
Grand fessier - distal (2) Bord postérieur TFL, crête du grand fessier
4%
Moyen fessier - distal Face externe grand trochanter
4%
Obturateur interne - distal Face interne grand trochanter
4%
Jumeau supérieur - distal Face interne grand trochanter
4%
Jumeau inférieur - distal Face interne grand trochanter
4%
Moyen adducteur - proximal Sous épine pubienne
4%
Carré crural - distal Tubercule carré crural
4%
Demi-membraneux - distal Tubérosité interne postérieure tibia
4%
Obturateur externe - proximal (2) Pubis, face interne grand trochanter
0%
Aucun quiz correspondant
Distribution des résultats
% des personnes avec chaque résultat
Percentile par nombre de réponses
Votre historique - résultats
Vous n’avez pas pris ce quiz